Guess the Country by the Weird Law #2 - Statistics

General Stats
  • This quiz has been taken 11 times
  • The average score is 5 of 10
Answer Stats
Hint Answer % Correct
Illegal to drive a dirty car Russia
90%
Illegal to pay with too many coins Canada
80%
Illegal to be overweight Japan
80%
Illegal to handle a salmon suspiciously United Kingdom
80%
Illegal to turn off your phones camera sound South Korea
60%
Illegal to wrestle bears South Africa
30%
Illegal to let a chicken cross the road Georgia
20%
Illegal to disturb a wedding Australia
10%
Illegal to flush toilet paper Egypt
10%
Illegal to pass wind in public Malawi
10%
No matching quizzes found
Score Distribution
Percent of People with Each Score
Percentile by Number Answered
Your Score History
You have not taken this quiz